000 01538cam a2200325 i 4500
999 _c21779
_d21779
001 17966067
003 OSt
005 20200615140712.0
008 131206s2014 ii b 001 0 eng
010 _a 2013047748
020 _a9788132113461 (hardback : alk. paper)
040 _aDLC
_beng
_coclc
_erda
_dDLC
042 _apcc
043 _aa-ii---
050 0 0 _aHT720
_b.H58 2014
082 0 0 _a305.51220954
_bSIN/R
100 _aSingh, Hira
_92914
245 1 0 _aRecasting caste :
_bfrom the sacred to the profane /
_cHira Singh.
264 1 _aNew Delhi :
_bSAGE Publications,
_c[2014]
300 _axix, 287 pages ;
_c22 cm
336 _atext
_2rdacontent
337 _aunmediated
_2rdamedia
338 _avolume
_2rdacarrier
504 _aIncludes bibliographical references (pages 269-278) and index.
505 0 _aStudying caste : ideas, material conditions and history -- Priest and prince : status/power muddle -- Varna to caste : religious and economic/political -- Caste and subaltern studies : elite ideology and revisionist historiography -- Inequalities between and within castes : kin, caste and land -- Changing land relations and caste : view from a village -- Indenture, religion and caste : the twin myths about hinduism and caste.
650 0 _aHinduism
_zIndia
_xHistory.
906 _a7
_bcbc
_corignew
_d1
_eecip
_f20
_gy-gencatlg
942 _2ddc
_cBK
_h305.51220954
_iSIN/R
_k305.51220954
_mSIN/R